Responses for Show #9147 - Tuesday, July 16, 2024

Isaac Hirsch game 10.

Contestants

[<< previous game]

Erika Stromerson, an entry writer and grad student from Woodinville, Washington

Jay Fisher, a government relations manager from Lisle, Illinois

Isaac Hirsch, a customer support team lead from Burbank, California (whose 9-day cash winnings total $215,390)

[next game >>]

Jeopardy! Round responses

DISTRACTIONS
AMERICAN HISTORY
GILLS, GILLS, GILLS
CLASSIC TELEVISION
ON THE GO
FROM SCREEN TO STAGE
(Ken: These are words that come between "screen" and "stage" in the dictionary.)
    $200 30
clouds

Isaac
    $200 26
(Erika: What is a stock market?)
(Isaac: What is Wall Street?)

the New York Stock Exchange

IsaacJayErika
    $200 28
carbon dioxide

Isaac
    $200 27
(Erika: What is The Fresh Prince of [*]?)
(Ken: Yes, [*] is the title place.)

Bel-Air

Erika
    $200 19
Volkswagen

Isaac
    $200 29
(Isaac: What is sketch?)

to scribble

Isaac
Triple Stumper
    $400 7
Boggle

Isaac
    $400 2
Martha Washington

Isaac
    $400 22
a lobster

Erika
    $400 9
(Erika: What is... no.)

The Munsters

IsaacErika
    $400 13
Cuba

Jay
    $400 18
a search warrant

Erika
    $600 5
(Isaac: What is a sense memory?)
(Erika: What is a scent memory?)

triggers

IsaacErika
Triple Stumper
    $600 1
(Erika: What is Massachusetts?)
(Isaac: What is Pennsylvania?)

Maryland

IsaacJayErika
    $600 23
a hammerhead shark

Isaac
    $600 10
M*A*S*H

Jay
    $600 14
(Erika: What is... United Postal Service?)

Ryder

JayErika
    $600 17
(Erika: What is... nope.)

sheepish

JayErika
    $800 6
Left 4 Dead 2

Erika
    $800 3
an oil well

Isaac
    $3,000 24
(Isaac: What are... uh... sunfish?)

lungfish

Isaac
    $800 11
The Incredible Hulk

Jay
    $800 15
the Sami

Erika
    $800 20
splurge

Isaac
    $1000 8
Berlin

Jay
    $1000 4
Christian Temperance

Jay
    $1000 25
a sea slug

Erika
    $1000 12
Ed Sullivan

Jay
    $1000 16
Air Emirates

Isaac
    $1000 21
staccato

Jay

Scores at the first commercial break (after clue 15):

Isaac Jay Erika
$800 $6,000 -$600

Scores at the end of the Jeopardy! Round:

Isaac Jay Erika
$400 $7,800 $600

Double Jeopardy! Round responses

DISS-TRACK-TIONS
BRITISH AUTHORS
TRIAL BY JURY
LEFTOVERS
NATIONAL FLAGS
STARTS WITH 2 VOWELS
    $400 30
Eminem

Isaac
    $400 26
Agatha Christie

Jay
    $400 28
Michael Jackson

Isaac
    $400 5
a maneuver

Isaac
    $400 20
a sword

Jay
    $400 21
the Oilers

Erika
    $800 29
Kendrick Lamar & Drake

Isaac
    $5,000 11
(Isaac: Who is... Thor--Thorsten Veblen?)

Roald Dahl

Isaac
    $800 27
George Floyd

Jay
    $800 19
beard

Triple Stumper
    $800 18
it has two heads

Jay
    $800 22
einsteinium

Erika
    $1200 4
Tupac

Erika
    $1200 2
Huxley

Isaac
    $1200 8
Bragg

Jay
    $1200 13
(Erika: What is... oh, man, I am losing these in my head right away--yeah, no.)

tuning

IsaacErika
    $1200 16
Kosovo

Isaac
    $1200 23
(Erika: What is... iambic?)
(Ken: No, I'm sorry.)
(Erika: Pentameter.)

iambic pentameter

JayErika
    $1600 6
50 Cent

Isaac
    $1600 1
C.S. Forester

Triple Stumper
    $1600 9
Enron

Jay
    $1600 14
guano

Isaac
    $1,500 12
(Ken: What do you wanna do here?)
(Isaac: I don't even know flags.)
[Laughter]

Belize

Isaac
    $1600 24
an oenophile

Isaac
    $2000 7
ether

Isaac
    $2000 3
Waugh

Isaac
    $2000 10
Kevorkian

Isaac
    $2000 15
Richard III

Isaac
    $2000 17
Georgia

Jay
    $2000 25
Iolanthe

Triple Stumper

Scores at the end of the Double Jeopardy! Round:

Isaac Jay Erika
$15,300 $16,200 $600

[wagering suggestions for these scores]

Final Jeopardy! Round responses

1960s PEOPLE
(Ken: No, this is [*], first the psychologist, then the inmate.)
ErikaWho is ???
$0
IsaacWho is Manson?
$14,000
JayWho is Manson?
$14,401
Dr. Timothy Leary

Final scores:

Isaac Jay Erika
$1,300 $1,799 $600
2nd place: $3,000 New champion: $1,799 3rd place: $2,000

Game dynamics:

Coryat scores:

Isaac Jay Erika
$23,400 $16,200 $600
25 R
(including 1 DD),
6 W
(including 2 DDs)
19 R,
0 W
9 R,
8 W

Combined Coryat: $40,200

[game clues] [game scores] [suggest correction]

Game tape date: 2024-05-23
The J! Archive is created by fans, for fans. Scraping, republication, monetization, and malicious use prohibited; this site may use cookies and collect identifying information. See terms. The Jeopardy! game show and all elements thereof, including but not limited to copyright and trademark thereto, are the property of Jeopardy Productions, Inc. and are protected under law. This website is not affiliated with, sponsored by, or operated by Jeopardy Productions, Inc. Join the discussion at JBoard.tv.